Alle Städte Österreichs auf einer Karte - Statistiken

Allgemein
  • Dieses Quiz wurde 1.718 mal gespielt
    1.381 seit der letzten Aktualisierung
  • Das Durchschnittsergebnis liegt bei 70 aus 202
Antworten auf der Karte
Die Antworten werden auf der Karte rot bzw. grün angezeigt, abhängig davon wie oft sie richtig erraten wurden.
 
Antwortstatistiken
Bundesland Bevölkerung Stadt % Korrekt
W 1911191 Wien
96%
St 291072 Graz
93%
T 131961 Innsbruck
92%
S 155021 Salzburg
92%
206595 Linz
91%
V 29711 Bregenz
88%
K 101300 Klagenfurt am Wörthersee
87%
55514 St. Pölten
83%
K 62882 Villach
81%
5219 Rohrbach-Berg
80%
B 14816 Eisenstadt
77%
V 49872 Dornbirn
76%
V 34210 Feldkirch
76%
45823 Wiener Neustadt
75%
62470 Wels
74%
T 11905 Lienz
72%
5494 Bad Hall
69%
T 14153 Hall in Tirol
69%
T 8225 Kitzbühel
67%
38056 Steyr
67%
V 14845 Bludenz
66%
17518 Braunau am Inn
65%
T 19527 Kufstein
65%
23816 Amstetten
62%
St 24471 Leoben
62%
25958 Baden
61%
25036 Krems an der Donau
61%
8036 Bruck an der Leitha
60%
St 15787 Bruck an der Mur
60%
S 21314 Hallein
60%
S 9879 Zell am See
60%
5338 Gmünd
58%
K 2550 Gmünd in Kärnten
58%
20564 Mödling
58%
B 8585 Neusiedl am See
58%
S 11235 St. Johann im Pongau
57%
T 10765 Imst
56%
St 8266 Liezen
55%
K 25025 Wolfsberg
55%
T 13791 Schwaz
54%
K 15300 Spittal an der Drau
54%
12220 Ried im Innkreis
53%
13275 Gmunden
51%
St 6795 Hartberg
49%
27500 Klosterneuburg
49%
T 7633 Landeck
49%
16230 Tulln an der Donau
49%
12378 Vöcklabruck
49%
13331 Korneuburg
48%
B 7456 Mattersburg
48%
5630 Melk
48%
19570 Schwechat
48%
K 6886 Hermagor-Pressegger See
47%
B 7600 Oberwart
47%
K 12386 Sankt Veit an der Glan
47%
St 6600 Schladming
47%
St 11663 Deutschlandsberg
46%
K 14270 Feldkirchen in Kärnten
46%
St 12437 Leibnitz
46%
B 1980 Rust
46%
5365 Waidhofen an der Thaya
46%
11222 Waidhofen an der Ybbs
46%
T 14059 Wörgl
46%
St 8639 Fürstenfeld
45%
St 9853 Judenburg
45%
St 3499 Murau
45%
10779 Zwettl
45%
7981 Freistadt
44%
St 11797 Weiz
44%
6428 Horn
43%
5269 Schärding
43%
St 22609 Kapfenberg
42%
B 3204 Oberpullendorf
42%
8837 Perg
42%
24756 Traun
42%
11643 Gänserndorf
41%
St 8347 Mürzzuschlag
41%
14070 Bad Ischl
40%
B 4111 Jennersdorf
40%
12721 Neunkirchen
40%
K 10899 Völkermarkt
40%
11882 Hollabrunn
39%
11583 Mistelbach
39%
B 3667 Güssing
38%
St 9419 Voitsberg
38%
S 10580 Bischofshofen
37%
4259 Eferding
36%
4559 Kirchdorf an der Krems
36%
6241 Laa an der Thaya
35%
28929 Leonding
35%
11940 Enns
34%
V 16731 Hohenems
34%
4132 Scheibbs
34%
4987 Grieskirchen
33%
2664 Lilienfeld
33%
S 16705 Saalfelden am Steinernen Meer
33%
St 3178 Bad Radkersburg
32%
St 3669 Mariazell
32%
St 4830 Bad Aussee
31%
St 12597 Knittelfeld
31%
12126 Bad Vöslau
30%
16875 Stockerau
30%
18758 Traiskirchen
29%
St 13450 Feldbach
28%
S 4876 Radstadt
27%
St 5353 Spielberg
27%
9306 St. Valentin
27%
5627 Ybbs an der Donau
26%
St 6990 Zeltweg
26%
17092 Ansfelden
25%
9100 Attnang-Puchheim
25%
B 5924 Pinkafeld
25%
St 10926 Gleisdorf
24%
S 5490 Mittersill
24%
1271 Geras
23%
5912 Gloggnitz
23%
1466 Ternitz
23%
6837 Hainburg an der Donau
22%
14070 Marchtrenk
22%
S 10951 Seekirchen am Wallersee
22%
St 9726 Köflach
21%
S 6402 Neumarkt am Wallersee
21%
K 9873 Sankt Andrä
21%
St 3806 Eisenerz
20%
11401 Gerasdorf bei Wien
20%
9818 Purkersdorf
20%
St 11119 Trofaiach
20%
K 4058 Bleiburg
19%
5572 Fischamend
19%
11600 Groß-Enzersdorf
19%
St 8150 Kindberg
19%
4255 Retz
19%
St 5160 Rottenmann
19%
8960 Deutsch-Wagram
18%
K 4948 Friesach
18%
5639 Haag
18%
2989 Marchegg
18%
T 442 Rattenberg
18%
11229 Ebreichsdorf
17%
K 7123 Ferlach
17%
6927 Mattighofen
17%
St 3521 Mureck
17%
8304 Neulengbach
17%
S 5804 Oberndorf bei Salzburg
17%
4252 Wieselburg
17%
7844 Herzogenburg
16%
5383 Schrems
16%
7299 Wolkersdorf im Weinviertel
16%
4260 Bad Leonfelden
15%
St 7176 Fehring
15%
St 6542 Frohnleiten
15%
9843 Laakirchen
15%
7548 Langenlois
15%
4407 Schwanenstadt
15%
K 4328 Bad St. Leonhard im Lavanttal
14%
840 Dürnstein
14%
6567 Gallneukirchen
14%
2910 Grein
14%
3539 Mautern an der Donau
14%
3948 Pöchlarn
14%
7754 Pressbaum
14%
6330 Traismauer
14%
St 3364 Trieben
14%
St 5658 Bärnbach
13%
9046 Berndorf
13%
B 2856 Frauenkirchen
13%
St 2641 Friedberg
13%
4932 Steyregg
13%
T 1492 Vils
13%
2645 Weitra
13%
K 4715 Althofen
12%
2176 Litschau
12%
1768 Allentsteig
11%
4989 Altheim
11%
3503 Eggenburg
11%
3801 Hainfeld
11%
3922 Heidenreichstein
11%
St 2934 Oberwölz
11%
5483 Poysdorf
11%
5544 Pregarten
11%
K 5782 Radenthein
11%
6492 Wilhelmsburg
11%
5379 Zistersdorf
11%
1210 Drosendorf-Zissersdorf
10%
3121 Ebenfurth
10%
4453 Groß Gerungs
10%
2826 Kirchschlag in der Buckligen Welt
10%
4138 Mannersdorf am Leithagebirge
10%
B 3486 Neufeld an der Leitha
10%
B 2885 Purbach am Neusiedler See
10%
2635 Raabs an der Thaya
10%
5016 Stadl-Paura
10%
B 1985 Stadtschlaining
10%
K 2011 Straßburg
10%
3783 Gföhl
9%
1305 Hardegg
9%
2721 Groß-Siegharts
8%
3219 Mank
8%
4650 Peuerbach
8%
1538 Pulkau
8%
1935 Maissau
7%
865 Schrattenthal
5%
Keine übereinstimmenden Quizze gefunden
Verteilung der Resultate
Anzahl Personen mit jedem Resultat
Perzentil nach korrekt beantworteten Fragen
Ihre Resultats-Entwicklung
Sie haben dieses Quiz seit der letzten Aktualisierung nicht gespielt